| 000 | 01043nas a2200277 4500 | ||
|---|---|---|---|
| 001 | 6292 | ||
| 003 | GR-kaGGEEl | ||
| 005 | 20220622205358.0 | ||
| 035 | _a8996 | ||
| 090 | _a6292 | ||
| 100 | _a20100513b19591975k y0grey50 ga | ||
| 101 | 0 | _agre | |
| 102 | _aCY | ||
| 106 | _ae | ||
| 110 | _ac||| 0||| | ||
| 200 | 1 |
_aΕθνική [εφημερίδα] _eκαθημερινή πολιτική εφημερίδα της Λευκωσίας, Κύπρου |
|
| 207 | 0 | _a25 Φεβρ.1959 - Σεπτ.1968 & 7 Μαρτ.1973 - 23 Φεβρ.1975 | |
| 210 |
_aΛευκωσία _d1959 - 1975 |
||
| 310 | _aΗ βιβλιοθήκη διαθέτει τα εξής: 1961 - 1962, 1973 (Οκτ.-Δεκ.), 1974 (Μαρτ.-Ιουν.) | ||
| 310 | _aΗ εφημερίδα είναι δεμένη σε 5 τόμους μεγάλου μεγέθους. | ||
| 606 | 1 |
_aΤύπος, Κυπριακός _923970 |
|
| 607 |
_aΚύπρος _xΕφημερίδες _916682 |
||
| 676 | _a079.5645 | ||
| 942 | _cCR | ||